New York Counties by Elevation - Statistics

General Stats
  • This quiz has been taken 5 times
  • The average score is 34 of 60
Answer Stats
County Max
Elevation (ft)
Peak Name % Correct
Franklin 4,120 Seymour Mountain
100%
Nassau 348 Habor Hill
100%
Orange 1,664 Schunemunk Mountain
100%
Queens 258 Glen Oaks
100%
Westchester 982 Bailey Mountain
100%
Albany 2,162 Henry Hill
80%
Bronx 280 Van Cortlandt Park
80%
Monroe 1,028 Hopper Hills
80%
Niagara 675 Bunker Hill
80%
Oswego 1,735 Tug Hill Pleateau
80%
Schenectady 1,458 unnamed hill
80%
Suffolk 401 Jayne's Hill
80%
Washington 2,641 Black Mountain
80%
Alleghany 2,543 Alma Hill
60%
Broome 2,090 Near Sanford
60%
Cayuga 1,871 unnamed hill
60%
Chemung 1,914 Catlin State Forest
60%
Chenango 2,040 unnamed hill
60%
Clinton 3,819 Lyon Mountain
60%
Delaware 3,520 Bearpen Mountain
60%
Erie 1,943 Sardinia Benchmark
60%
Essex 5,344 Mount Marcy
60%
Fulton 2,790 Pigeon Mountain
60%
Genessee 1,470 unnamed hill
60%
Herkimer 2,702 Twin Lakes South
60%
Madison 2,142 Morrow Mountain
60%
Manhattan 265 Bennett Park
60%
Onondaga 2,028 Morgan Hill
60%
Ontario 2,284 Frost Hill
60%
Richmond 401 Todt Hill
60%
Rockland 1,283 Rockhouse Mountain
60%
Saint Lawrence 2,474 Mount Matumbla
60%
Saratoga 2,651 Hadley Mountain
60%
Schuyler 2,093 Sproul Hill
60%
Seneca 1,640 Hector Backbone
60%
Sullivan 3,118 Beech Mountain
60%
Tompkins 2,099 Connecticut Hill
60%
Ulster 4,190 Slide Mountain
60%
Warren 3,563 Gore Mountain
60%
Wayne 702 Near Palmyra
60%
Brooklyn 216 Battle Hill
40%
Cortland 2,110 Virgil Mountain
40%
Dutchess 2,311 Brace Mountain
40%
Greene 4,030 Hunter Mountain
40%
Hamilton 3,899 Snowy Mountain
40%
Jefferson 1,740 unnamed hill
40%
Lewis 2,115 Gomer Hill
40%
Orleans 747 Pine Hill
40%
Putnam 1,540 Scofield Ridge
40%
Schoharie 3,422 Huntersfield Mountain
40%
Tioga 1,996 unnamed hill
40%
Wyoming 2,116 unnamed hill
40%
Yates 2,142 Italy Hill
40%
Cattaraugus 2,430 Clare Benchmark
20%
Chautauqua 2,180 Gurnsey Benchmark
20%
Livingston 2,244 Tabor Benchmark
20%
Montgomery 1,610 unnamed hill
20%
Otsego 2,420 Near Worcester
20%
Rensselaer 2,818 Berlin Mountain
20%
Steuben 2,410 Call Hill
20%
No matching quizzes found
Score Distribution
Percent of People with Each Score
Percentile by Number Answered
Your Score History
You have not taken this quiz